| 000 | 00365cam a2200145ua 4500 | ||
|---|---|---|---|
| 041 |
_aeng _h |
||
| 082 |
_a821 _bPOL/KN |
||
| 100 | _aPolard, Alfred.W . | ||
| 245 |
_aKnight`s Tale / _cW.Alfred Pollard. _hTextual Documents |
||
| 260 |
_aMelbourne : _bMacMillan and Company Limited , _c1965. |
||
| 300 | _a162 ; . | ||
| 504 | _a | ||
| 942 | _cBK | ||
| 999 |
_c828 _d828 |
||